000 00465nam a2200181Ia 4500
001 16643
005 20260306170325.0
008 260306t2019||||xx |||||||||||||| ||und||
041 _aESP
082 _a348.811
_bG23
100 _aGarcía Ascencios, Frank
_eAUT
245 0 _aArbitraje en seguro complementario de trabajo de riesgo
260 _c2019
300 _axxiv, 394 páginas :
_c24 cm.
650 _aGEN
654 _aCDE
942 _cLIB
_dJUS
_fJUS
_2ddc
_n
999 _c16643
_d16643